| 000 | 00536nam a2200145 4500 | ||
|---|---|---|---|
| 082 | _aMSEE-7 AHM | ||
| 100 | _aHamza Ahmad | ||
| 245 | _aDesign of FSS Based Radome operating in X-band with reduced RCS at higher frequencies | ||
| 260 |
_aIslamabad _bNUST-SEECS _c2017 |
||
| 300 |
_a83p. _eCD Includes |
||
| 856 | _uhttp://10.250.8.41:8080/xmlui/handle/123456789/13122 | ||
| 942 |
_2ddc _cTHE |
||
| 999 |
_c332371 _d332371 |
||